Educación artística 1 : (Registro nro. 10144)

Detalles MARC
000 -LIDER
fixed length control field 01112nam a2200253 u 4500
001 - NÚMERO DE CONTROL
Identificador de número de control 000020250
003 - IDENTIFICACDOR DE NÚMERO DE CONTROL
control field DO-SdBNP
005 - DATE AND TIME OF LATEST TRANSACTION
control field 20180313085520.0
007 - CAMPOS FIJOS DE DESCRIPCIÓN FÍSICA
fixed length control field 000020250
008 - ELEMENTOS DE LONGITUD FIJA
fixed length control field 100802s20uu dr 000 0 spa d
020 ## - ISBN
International Standard Book Number 9789945123159
040 ## - FUENTE DE CATALOGACIÓN
Agencia que crea de manera original el registro BPMSU
Idioma de catalogación spa
Agencia que realiza la transcripción BPMSU
092 ## - LOCALLY ASSIGNED DEWEY DECIMAL CALL NUMBER
Número de clasificación 372.5
Número de ítem (Cutter) xcx
100 1# - ASIENTO PRINCIPAL -- NOMBRE PERSONAL
Nombre personal
245 10 - MENCIÓN DE TITULO
Título Educación artística 1 :
Subtítulo educación media /
Mención de responsabilidad
250 ## - MENCIÓN DE EDICION
Mención de edición
260 ## - PUBLICACIÓN, DISTRIBUCIÓN, ETC. (PIE DE IMPRENTA)
Lugar de publicación, distribución, etc Santo Domingo :
Nombre del editor, distribuidor, etc. Ministerio Educación
Fecha de publicación, distribución, etc [200?]
300 ## - DESCRIPCIÓN FÍSICA
Extensión 167 p. :
Otros detalles físicos il. ;
Dimensiones 28 cm.
505 ## - NOTA DE CONTENIDO
Título ¡Viva el arte! --
-- Mil maneras de observar y conocer el arte, La apreciación artística --
-- Vida para la imagen, alegría para el mundo, los colores del arte --
-- Los materiales cobran vida y con buena técnica, aparece el arte
-- Un acercamiento al mundo real, cuando la observación directa y la perspectiva se encuentran para hacer el arte
-- Arte para un nuevo siglo, el cómic y la ilustración por computador
650 #4 - ENCABEZAMIENTO DE MATERIA--TEMÁTICO
Término temático o nombre geográfico como elemento de entrada ARTE
Subdivisión temática general ENSEÑANZA
Subdivisión geográfica REPÚBLICA DOMINICANA
942 ## - ADDED ENTRY ELEMENTS (KOHA)
Source of classification or shelving scheme Dewey Decimal Classification
Koha item type Libros
945 ## - INFORMACIÓN DE PROCESAMIENTO LOCAL
Información de procesamiento local Remanejado para la BNPHU, 2018 / BT
956 ## - LOCAL ELECTRONIC LOCATION AND ACCESS (OCLC)
Nombre de host VMATEO
Número de acceso 10
Información de compresión 20160513
Inicio de sesión BPMSU
Procesador de solicitud 0069
Existencias
Withdrawn status Lost status Source of classification or shelving scheme Damaged status Not for loan Home library Current library Date acquired Source of acquisition Total Checkouts Barcode Date last seen Price effective from Koha item type
    Dewey Decimal Classification     Biblioteca Pública Metropolitana Salomé Ureña Biblioteca Pública Metropolitana Salomé Ureña 05/13/2016 Donación   BPMET16050344 05/13/2016 05/13/2016 Libros